| 000 | 00843nam a2200277Ia 4500 | ||
|---|---|---|---|
| 001 | Z_2137 | ||
| 003 | CHAP | ||
| 008 | 220113s1995 xx 000 0 und d | ||
| 010 | _a163562 | ||
| 040 | _cCHAP | ||
| 090 | _aTesis G 1028 | ||
| 100 |
_aGarcía Peniche, Teresa Beatriz _946431 |
||
| 245 |
_aMejoramiento genético de las abejas (Apis mellifera) en poblaciones pequeñas / _cpor Teresa Beatriz García Peniche |
||
| 260 |
_aChapingo, Méx. : _bEl autor, _c1995 |
||
| 300 | _a96 h. | ||
| 502 | _aTesis (Maestro en Ciencias Especialista en Producción Animal) -- UACH. Departamento de Zootecnia | ||
| 650 |
_aAbejas _xGenética _9187 |
||
| 650 |
_aAbejas _xMejoramiento _9189 |
||
| 650 |
_aSelección masal _9103779 |
||
| 901 | _aTESIS G 1028 | ||
| 902 | _aM | ||
| 910 | _a1995 | ||
| 942 | _c2 | ||
| 942 | _c2 | ||
| 999 |
_c163562 _d163562 |
||